00485nam a2200181Ia 4500003000900000008004100009020001600050040001600066080001600082100002000098245005700118260003500175300001500210650001900225650002200244650001900266700001800285IN-BaIIA211028s9999 xx 000 0 eng d a8053-5218-X cIIA Library a539.18bKAR aKarplus, Martin 0aAtoms and moleculescMartin Karplus and R. N. Porter aNew YorkbW. A. Benjaminc1970 axiv, 620p. aAtomic physics aMolecular physics aNASA thesaurus aPorter, R. N.